000
00210nam a22001097a 4500
041
_a
ENG
245
_a
English (Compulsory )
260
_a
Delhi
_b
Civil Exam
_c
1998
300
_a
38
650
_a
48
856
_u
48
999
_c
3138
_d
3138